|
|
|
|
| LEADER |
02698nam a2200685 i 4500 |
| 001 |
nkc20243637386 |
| 003 |
CZ PrNK |
| 005 |
20260412191913.0 |
| 007 |
ta |
| 008 |
241014s2024 xr a f f 000 0 cze |
| 015 |
|
|
|a cnb003637386
|
| 020 |
|
|
|a 978-80-284-0228-0
|q (vázáno)
|
| 035 |
|
|
|a (OCoLC)1498300854
|
| 040 |
|
|
|a BOA001
|b cze
|d OLA001
|e rda
|
| 041 |
1 |
|
|a cze
|h ger
|
| 072 |
|
7 |
|a 796
|x Sport. Hry. Tělesná cvičení
|2 Konspekt
|9 20
|
| 080 |
|
|
|a 796.42/.43
|2 MRF
|
| 080 |
|
|
|a 796.42.093.61/.62
|2 MRF
|
| 080 |
|
|
|a 796.015
|2 MRF
|
| 080 |
|
|
|a 316.346.32-053.5
|2 MRF
|
| 080 |
|
|
|a (035)
|2 MRF
|
| 100 |
1 |
|
|a Katzenbogner, Hans,
|d 1946-
|7 hka20251252136
|4 aut
|
| 240 |
1 |
0 |
|a Kinderleichtathletik.
|l Česky
|
| 245 |
1 |
0 |
|a Dětská atletika :
|b věkové kategorie U8-U12 : rámcový tréninkový plán Německého atletického svazu /
|c kolektiv autorů Hans Katzenbogner, Wolfgang Killing, Nicolas Fröhlich, Dominic Ullrich a Frank Müller ; z německého originálu Kinderleichtathletik ... přeložil Michal Šmíd
|
| 250 |
|
|
|a Vydání první
|
| 264 |
|
1 |
|a Praha :
|b Euromedia Group,
|c 2024
|
| 300 |
|
|
|a 398 stran :
|b barevné ilustrace ;
|c 25 cm
|
| 336 |
|
|
|a text
|b txt
|2 rdacontent
|
| 336 |
|
|
|a statický obraz
|b sti
|2 rdacontent
|
| 337 |
|
|
|a bez média
|b n
|2 rdamedia
|
| 338 |
|
|
|a svazek
|b nc
|2 rdacarrier
|
| 490 |
1 |
|
|a Universum
|
| 490 |
1 |
|
|a Edice ČOV
|
| 500 |
|
|
|a Vydáno ve spolupráci s Českým atletickým svazem
|
| 500 |
|
|
|a Terminologický slovník
|
| 504 |
|
|
|a Obsahuje bibliografii a bibliografické odkazy
|
| 650 |
0 |
7 |
|a atletika
|7 ph114091
|2 czenas
|
| 650 |
0 |
7 |
|a atletické víceboje
|7 ph158531
|2 czenas
|
| 650 |
0 |
7 |
|a sportovní trénink
|7 ph125957
|2 czenas
|
| 650 |
0 |
7 |
|a děti školního věku
|7 ph119714
|2 czenas
|
| 650 |
0 |
9 |
|a athletics
|2 eczenas
|
| 650 |
0 |
9 |
|a athletic multicontests
|2 eczenas
|
| 650 |
0 |
9 |
|a sports training
|2 eczenas
|
| 650 |
0 |
9 |
|a school children
|2 eczenas
|
| 655 |
|
7 |
|a příručky
|7 fd133209
|2 czenas
|
| 655 |
|
9 |
|a handbooks and manuals
|2 eczenas
|
| 700 |
1 |
|
|a Killing, Wolfgang,
|d 1953-
|7 xx0190260
|4 aut
|
| 700 |
1 |
|
|a Fröhlich, Nicolas
|4 aut
|
| 700 |
1 |
|
|a Ullrich, Dominic
|4 aut
|
| 700 |
1 |
|
|a Müller, Frank,
|d 1968-
|7 jo20261294159
|4 aut
|
| 700 |
1 |
|
|a Šmíd Michal
|4 aut
|
| 830 |
|
0 |
|a Universum (Euromedia Group)
|0 s
|
| 830 |
|
0 |
|a Edice Českého olympijského výboru
|0 s
|
| 910 |
2 |
|
|a BOA001
|b 2-1539.097
|
| 928 |
9 |
|
|a Český atletický svaz
|
| 990 |
|
|
|a BK
|
| 995 |
|
|
|a 01
|
| 991 |
|
|
|b 202501
|c NOV
|
| 996 |
6 |
|
|b 2610992167
|c 2-1539.097
|l MZK
|r Sklad / do 1 hodiny
|n 0
|p p.v.
|w 001990725
|u 000010
|a 1
|e BOA001
|j MZK50
|s P
|
| 996 |
7 |
|
|b 2610998307
|c 2-1539.097
|l Vol.výběr
|r VV 1p
|n 0
|p kup
|h 796 KAT
|w 001990725
|u 000020
|a 0
|e BOA001
|j MZK50
|s A
|